| 000 -LEADER |
| fixed length control field |
02469cam a2200409 a 4500 |
| 001 - CONTROL NUMBER |
| control field |
15590196 |
| 003 - CONTROL NUMBER IDENTIFIER |
| control field |
NUST |
| 005 - DATE AND TIME OF LATEST TRANSACTION |
| control field |
20200923101323.0 |
| 008 - FIXED-LENGTH DATA ELEMENTS--GENERAL INFORMATION |
| fixed length control field |
090116s2009 enk b 000 0 eng |
| 010 ## - LIBRARY OF CONGRESS CONTROL NUMBER |
| LC control number |
2009001470 |
| 015 ## - NATIONAL BIBLIOGRAPHY NUMBER |
| National bibliography number |
GBA910581 |
| Source |
bnb |
| 016 7# - NATIONAL BIBLIOGRAPHIC AGENCY CONTROL NUMBER |
| Record control number |
014894856 |
| Source |
Uk |
| 020 ## - INTERNATIONAL STANDARD BOOK NUMBER |
| International Standard Book Number |
9781847691439 (hbk : alk. paper) |
| 020 ## - INTERNATIONAL STANDARD BOOK NUMBER |
| International Standard Book Number |
1847691439 (hbk : alk. paper) |
| 020 ## - INTERNATIONAL STANDARD BOOK NUMBER |
| International Standard Book Number |
9781847691422 (pbk : alk. paper) |
| 020 ## - INTERNATIONAL STANDARD BOOK NUMBER |
| International Standard Book Number |
1847691420 (pbk : alk. paper) |
| 020 ## - INTERNATIONAL STANDARD BOOK NUMBER |
| International Standard Book Number |
9781847691446 (ebook) |
| 020 ## - INTERNATIONAL STANDARD BOOK NUMBER |
| International Standard Book Number |
1847691447 (ebook) |
| 035 ## - SYSTEM CONTROL NUMBER |
| System control number |
(OCoLC)ocn298670947 |
| 038 ## - RECORD CONTENT LICENSOR |
| Staff Name |
MSOHAIL |
| 040 ## - CATALOGING SOURCE |
| Original cataloging agency |
DLC |
| Transcribing agency |
DLC |
| Modifying agency |
YDXCP |
| -- |
BTCTA |
| -- |
UKM |
| -- |
BWKUK |
| -- |
BWK |
| -- |
CDX |
| -- |
DLC |
| 050 00 - LIBRARY OF CONGRESS CALL NUMBER |
| Classification number |
P53.6128 |
| Item number |
.P65 2009 |
| 082 00 - DEWEY DECIMAL CLASSIFICATION NUMBER |
| Classification number |
418.0071 |
| Edition number |
22 |
| Author Mark |
ALD |
| 245 04 - TITLE STATEMENT |
| Title |
The politics of language education : |
| Remainder of title |
individuals and institutions / |
| Statement of responsibility, etc. |
edited by J. Charles Alderson. |
| 260 ## - PUBLICATION, DISTRIBUTION, ETC. |
| Place of publication, distribution, etc. |
Bristol, UK ; |
| -- |
Buffalo [NY] : |
| Name of publisher, distributor, etc. |
Multilingual Matters, |
| Date of publication, distribution, etc. |
c2009. |
| 300 ## - PHYSICAL DESCRIPTION |
| Extent |
xi, 236 p. ; |
| Dimensions |
22 cm. |
| 440 #0 - SERIES STATEMENT/ADDED ENTRY--TITLE |
| Title |
New perspectives on language and education |
| 9 (RLIN) |
30618 |
| 504 ## - BIBLIOGRAPHY, ETC. NOTE |
| Bibliography, etc. note |
Includes bibliographical references. |
| 505 0# - FORMATTED CONTENTS NOTE |
| Formatted contents note |
An overview / J. Charles Alderson -- Setting the scene / J. Charles Alderson -- Professional advice vs political imperatives / Alan Davies -- Micropolitical issues in ELT project implementation / Tom Hunter -- The politics of ELT projects in China / Ron Kerr -- Teaching immigrants the language of the host community : two object lessons in the need for continuous policy development / David Little and Barbara Lazenby Simpson -- The commercialisation of language provision at university / Glenn Fulcher -- The role of micropolitics in multinational, high-stakes language assessment systems / Mark Crossey -- Challenges and constraints in language test development / Gary Buck -- The politics of examination reform in Central Europe -- Karmen Pižorn and Edit Nagy -- Language educational policies within a European framework / Neus Figueras -- The micropolitics of research and publication / J. Charles Alderson. |
| 650 #0 - SUBJECT ADDED ENTRY--TOPICAL TERM |
| Topical term or geographic name entry element |
Language and languages |
| General subdivision |
Study and teaching. |
| 9 (RLIN) |
30619 |
| 650 #0 - SUBJECT ADDED ENTRY--TOPICAL TERM |
| Topical term or geographic name entry element |
Language policy. |
| 9 (RLIN) |
30620 |
| 650 #0 - SUBJECT ADDED ENTRY--TOPICAL TERM |
| Topical term or geographic name entry element |
Language and languages |
| General subdivision |
Political aspects. |
| 9 (RLIN) |
30621 |
| 700 1# - ADDED ENTRY--PERSONAL NAME |
| Personal name |
Alderson, J. Charles. |
| 9 (RLIN) |
30622 |
| 906 ## - LOCAL DATA ELEMENT F, LDF (RLIN) |
| a |
7 |
| b |
cbc |
| c |
orignew |
| d |
1 |
| e |
ecip |
| f |
20 |
| g |
y-gencatlg |
| 942 ## - ADDED ENTRY ELEMENTS (KOHA) |
| Source of classification or shelving scheme |
|
| Koha item type |
Book |